A imagen y semejanza /
Guardado en:
| Autor Principal: | |
|---|---|
| Formato: | Libro |
| Idioma: | Spanish |
| Publicado: |
Catamarca :
Universidad Nacional. Dirección General de Extensión Universitaria,
1980.
|
| Etiquetas: |
Agregar Etiqueta
Sin Etiquetas, Sea el primero en etiquetar este registro!
|
| LEADER | 00481nam a22001455a 4500 | ||
|---|---|---|---|
| 001 | EUN.um050093 | ||
| 003 | AR-BaUNS | ||
| 005 | 20050623122917.0 | ||
| 008 | 041125s1980####ag############000#0#spa#d | ||
| 245 | 1 | 0 | |a A imagen y semejanza / |c E. Jorge Paolantonio. |
| 260 | |a Catamarca : |b Universidad Nacional. Dirección General de Extensión Universitaria, |c 1980. | ||
| 300 | |a 49 p. | ||
| 100 | 1 | |a Paolantonio, E. Jorge. | |
| 082 | 0 | 4 | |a A861.4 |
| 859 | |a Ar-BaUNS |b BIB. CENTRAL - Sector C |h A861.4 |i P196 |p 85142/980 | ||
